| 000 | 00336nam a2200133 4500 | ||
|---|---|---|---|
| 005 | 20260530115305.0 | ||
| 100 | 1 | _a1.Istambul Tasarim Bienali | |
| 245 | 1 | 0 | _aADHOKRASI Relatoría |
| 264 | 1 |
_bikusuv Tasarim _c2012 |
|
| 300 | _a381 páginas | ||
| 336 |
_atexto _2rdacontent |
||
| 337 |
_asin medio _2rdamedia |
||
| 338 |
_avolumen _2rdacarrier |
||
| 999 |
_c13034 _d13034 |
||